A CBCT study to determine the 'Safe Zone' for surgery at the anterior mandible /
Saved in:
| Main Author: | |
|---|---|
| Format: | Thesis Book |
| Language: | English |
| Published: |
2012
|
| Tags: |
Add Tag
No Tags, Be the first to tag this record!
|
| LEADER | 00864cam a2200217 a 4500 | ||
|---|---|---|---|
| 001 | u891570 | ||
| 003 | SIRSI | ||
| 005 | 200907291647 | ||
| 008 | 090729s2012 my a m 000 0 eng | ||
| 040 | |a UMM |e rda | ||
| 096 | |a WU100 |b UM 2012 Muhryi | ||
| 100 | 0 | |a Muhammad Ridwan Yeop Ismail. | |
| 245 | 1 | 0 | |a A CBCT study to determine the 'Safe Zone' for surgery at the anterior mandible / |c Muhammad Ridwan Yeop Ismail. |
| 260 | |c 2012 | ||
| 300 | |a ix, 70 leaves : |b ill. (some col.) ; |c 30 cm. | ||
| 502 | |a Dissertation (M.Clin.Dent.) -- Jabatan Pembedahan Mulut dan Maksilofasial, Fakulti Pergigian, Universiti Malaya, 2012 | ||
| 504 | |a Bibliography: leaves 63-70.. | ||
| 710 | 2 | 0 | |a Universiti Malaya. |b Jabatan Pembedahan Mulut dan Maksilofasial. |
| 900 | |a MFAA | ||
| 596 | |a 10 | ||
| 999 | |a WU100 UM 2012 MUHRYI |w LC |c 1 |i A515303868 |l RESERVES |m P10PERGIGI |r Y |s Y |t TESIS |u 13/11/2013 | ||
